000 00264nam a2200109Ia 4500
008 220204s9999 xx 000 0 und d
082 _a82-3MB
_bLEW
100 _aLewty, Marjorie
245 2 _aA Certain smile
260 _aLondon
_bMills and Boon
_c1979
942 _cBK
999 _c35706
_d35706